| 000 | 00583nam a22001697a 4500 | ||
|---|---|---|---|
| 005 | 20251108171204.0 | ||
| 008 | 250721s1990 xx 000 0 ara d | ||
| 082 | 1 | 4 | _a210.4301412/مرز |
| 100 | 1 | _aمرزا، مكيه | |
| 245 | 1 | 0 | _aمشكلات المرأة المسلمة المعاصرة و حلها في ضوء الكتاب و السنة / |
| 264 | 1 |
_aالاسكندرية : _bدار المجتمع للنشر، _c1990. |
|
| 300 | _a471ص | ||
| 650 | 1 | 7 | _aالإسلام و المرأة |
| 650 | 1 | 7 | _aالمرأة في الإسلام |
| 942 |
_2ddc _cBK |
||
| 999 |
_c58866 _d58866 |
||